000 00469nam a22001697a 4500
005 20231121144954.0
008 231121b |||||||| |||| 00| 0 eng d
020 _a0934143617
041 _aEnglish
082 _a342.8 IND
100 _lEnglish
245 _aIn Defense of Rights : Attacks on Lawyers and Judges in 1992
260 _c1993
300 _bvii, 210 pages ;
_c24 cm.
650 _aLegal practice
_bLaw
942 _cBK
_6ALISON_BN_VRIES
999 _c854
_d854